Т. 2 : 1978-1983; Премия Шведского банка памяти Альфреда Нобеля в области экономических наук

Библиографические подробности
Источник:Премия Шведского банка памяти Альфреда Нобеля в области экономических наук/ под ред. К. А. Вантуха. Т. 2 : 1978-1983.— , 2006.— 5-902758-01-7
Язык:русский
Опубликовано: 2006
Предметы:
Формат: Книга
Запись в KOHA:https://koha.lib.tpu.ru/cgi-bin/koha/opac-detail.pl?biblionumber=87362

MARC

LEADER 00000nam2a2200000 4500
001 87362
005 20231101213534.0
010 |a 9785902758297 
035 |a (RuTPU)RU\TPU\book\93793 
090 |a 87362 
100 |a 20051207d2006 k y0rusy50 ca 
101 1 |a rus 
102 |a RU 
105 |a ac z 000zd 
200 0 |a Т. 2 : 1978-1983 
210 |d 2006 
215 |a 416 с.  |c ил. 
461 1 |0 (RuTPU)RU\TPU\book\131866  |y 5-902758-01-7  |t Премия Шведского банка памяти Альфреда Нобеля в области экономических наук  |f под ред. К. А. Вантуха  |v Т. 2 : 1978-1983  |d 2006  |s Нобелевские лекции-100 лет 
600 1 |a Саймон  |b Г. А.  |c американский экономист  |c нобелевский лауреат  |f 1916-  |g Герберт Александер  |2 stltpush  |3 (RuTPU)RU\TPU\pers\10572 
600 1 |a Шульц  |b Т. У.  |c американский экономист  |c нобелевский лауреат  |f 1902-1998  |g Теодор Уильям  |2 stltpush  |3 (RuTPU)RU\TPU\pers\10574  |9 2251 
600 1 |a Льюис  |b У. А.  |c экономист из Британской Вест-Индии  |c нобелевский лауреат  |f 1915-1991  |g Уильям Артур  |2 stltpush  |3 (RuTPU)RU\TPU\pers\10573  |9 2250 
600 1 |a Клейн  |b Л. Р.  |c американский экономист  |c нобелевский лауреат  |f 1920-  |g Лоуренс Роберт  |2 stltpush  |3 (RuTPU)RU\TPU\pers\10575  |9 2252 
600 1 |a Тобин  |b Дж.  |c американский экономист  |c нобелевский лауреат  |f 1918-  |g Джеймс  |2 stltpush  |3 (RuTPU)RU\TPU\pers\10576 
600 1 |a Стиглер  |b Дж. Дж.  |c американский экономист  |c нобелевский лауреат  |f 1911-1991  |g Джордж Джозеф  |2 stltpush  |3 (RuTPU)RU\TPU\pers\10577  |9 2254 
600 1 |a Дебрё  |b Ж.  |c американский экономист  |c нобелевский лауреат  |f 1921-  |g Жерар  |2 stltpush  |3 (RuTPU)RU\TPU\pers\10578 
610 1 |a экономика 
610 1 |a ученые 
610 1 |a ученые звания 
610 1 |a экономисты 
610 1 |a Нобелевская премия 
610 1 |a Нобелевские лауреаты 
610 1 |a Нобелевские лекции 
610 1 |a автобиографии 
610 1 |a биографии 
610 1 |a история 
610 1 |a 20 век 
801 1 |a RU  |b 63413507  |c 20051207  |g PSBO 
801 2 |a RU  |b 63413507  |c 20221206  |g PSBO 
942 |c BK